00561 a2200133 450000500170000002000230001710000340004024501070007426000380018130000410021994200130026099900150027395201390028820250628200626.0 a978-9976- 9957-1-8 aNational Electoral Commission aThe Report of the National Electoral commission on the 2015 Presidental, Parliamentary and Councillors aDar es salaambGovernment c2016 axxiii, 140p.: ill; Figure, Mapc23cm 2ddccBKS c6192d6192 r2025-12-19 07:44:31l0o425.NECpMBY0001037v90000.00w2025-06-28yBKS102ddc407000a002b002cGENd2025-06-28ePurchaseg30000.00